[Event "Europa ch Femenino 2013"]
[Site "Belgrado SER"]
[Date "2013.07.26"]
[Round "4.55"]
[White "Stjazhkina, Olga"]
[Black "Zarkovic, Mila"]
[Result "1-0"]
[WhiteElo "2243"]
[BlackElo "2070"]
[PlyCount "67"]
[EventDate "2013.07.23"]
[EventType "swiss"]
[EventRounds "11"]
[EventCountry "SER"]
[Source "lmi"]
[SourceDate "2013.07.22"]

1. e4 c5 2. Nc3 e6 3. g3 Nc6 4. Bg2 Nf6 5. f4 d5 6. d3 Be7 7. e5 Nd7 8. Nf3 Rb8
9. a4 a6 10. O-O O-O 11. Ne2 b5 12. axb5 axb5 13. g4 Qc7 14. Ng3 Bb7 15. h4 Ra8
16. Rb1 d4 17. Re1 c4 18. Ne4 Nc5 19. Nxc5 Bxc5 20. Ng5 Nb4 21. Bxb7 Qxb7 22.
f5 Qd5 23. f6 gxf6 24. exf6 Bd6 25. Nxh7 cxd3 26. Qd2 Rfc8 27. Qh6 Bh2+ 28.
Kxh2 Rxc2+ 29. Bd2 Rxd2+ 30. Qxd2 Qd6+ 31. Kh3 Kxh7 32. Qg5 Qf8 33. Qh5+ Kg8
34. Re5 1-0

[Event "Europa ch Femenino 2013"]
[Site "Belgrado SER"]
[Date "2013.07.26"]
[Round "4.56"]
[White "Balaian, Alina"]
[Black "Visanescu, Daria-Ioana"]
[Result "1-0"]
[WhiteElo "2237"]
[BlackElo "2061"]
[PlyCount "87"]
[EventDate "2013.07.23"]
[EventType "swiss"]
[EventRounds "11"]
[EventCountry "SER"]
[Source "lmi"]
[SourceDate "2013.07.22"]

1. e4 c5 2. Nf3 d6 3. d4 cxd4 4. Nxd4 Nf6 5. Nc3 a6 6. Be2 e5 7. Nb3 Be7 8. O-O
Be6 9. f4 exf4 10. Bxf4 O-O 11. Qe1 Nc6 12. Rd1 Qb6+ 13. Kh1 Rad8 14. Qg3 Ne5
15. Bxe5 dxe5 16. Rxd8 Rxd8 17. Qxe5 Bd6 18. Qg5 h6 19. Qh4 Be5 20. Nd1 Qc6 21.
Bd3 b6 22. Nd2 b5 23. Nf3 Qc7 24. Nxe5 Qxe5 25. b3 Rd4 26. Qf4 Qxf4 27. Rxf4
Nd7 28. Rf1 Nc5 29. Nf2 Rd8 30. Rd1 Bc8 31. Kg1 Bb7 32. Re1 Re8 33. Re2 f6 34.
Kf1 Kf7 35. Ke1 Ke6 36. Kd2 Ke5 37. Re3 Bc6 38. Be2 Kd6 39. Bf3 Re7 40. b4 Na4
41. Rd3+ Kc7 42. Rd4 Nb2 43. Nd3 Kb6 44. Nxb2 1-0

[Event "Europa ch Femenino 2013"]
[Site "Belgrado SER"]
[Date "2013.07.26"]
[Round "4.57"]
[White "Utiatskaja, Irina"]
[Black "Benderac, Ana"]
[Result "0-1"]
[WhiteElo "2047"]
[BlackElo "2225"]
[PlyCount "130"]
[EventDate "2013.07.23"]
[EventType "swiss"]
[EventRounds "11"]
[EventCountry "SER"]
[Source "lmi"]
[SourceDate "2013.07.22"]

1. e4 d6 2. d4 e5 3. Nf3 exd4 4. Nxd4 Nf6 5. Nc3 Be7 6. Be2 O-O 7. O-O Re8 8.
Re1 Nc6 9. Nxc6 bxc6 10. f4 d5 11. e5 Bc5+ 12. Kh1 d4 13. exf6 dxc3 14. Qxd8
Rxd8 15. Bf3 Ba6 16. bxc3 gxf6 17. f5 Rab8 18. Re4 Bc8 19. Rc4 Bd6 20. g4 Re8
21. Kg2 c5 22. Ba3 Ba6 23. Ra4 Rb6 24. h3 Re3 25. c4 Rc3 26. Be4 Rxc4 27. Rxc4
Bxc4 28. Bd3 Bd5+ 29. Kf2 Kg7 30. c4 Bc6 31. Rc1 Ra6 32. Rc3 Be5 33. Rb3 Bd4+
34. Kg3 Rb6 35. Bc1 a5 36. Rb1 a4 37. a3 Rb3 38. Rxb3 axb3 39. Bf4 Bb2 40. Bxc7
Bxa3 41. Bd6 b2 42. Kf2 Ba4 43. Ke3 Bb3 44. Bb1 Bxc4 45. Kd2 h6 46. Kc3 Bf1 47.
h4 Be2 48. Kb3 Bb4 49. Kxb2 Bxg4 50. Kb3 Be1 51. Bxc5 Bxh4 52. Kc4 Bg3 53. Kd4
Bf2+ 54. Kd5 Bxc5 55. Kxc5 h5 56. Kd4 Kh6 57. Ke3 Kg5 58. Ba2 Bxf5 59. Bxf7 Kg4
60. Be8 h4 61. Kf2 Be4 62. Bd7+ f5 63. Bb5 h3 64. Be2+ Kf4 65. Kf1 h2 0-1

[Event "Europa ch Femenino 2013"]
[Site "Belgrado SER"]
[Date "2013.07.26"]
[Round "4.58"]
[White "Milutinovic, Stefana"]
[Black "Pavlidou, Ekaterini"]
[Result "1/2-1/2"]
[WhiteElo "2035"]
[BlackElo "2210"]
[PlyCount "68"]
[EventDate "2013.07.23"]
[EventType "swiss"]
[EventRounds "11"]
[EventCountry "SER"]
[Source "lmi"]
[SourceDate "2013.07.22"]

1. c4 e5 2. g3 Nc6 3. Bg2 g6 4. Nc3 Bg7 5. Nf3 d6 6. O-O Nge7 7. d3 O-O 8. Rb1
h6 9. b4 Qe8 10. b5 Nd4 11. e3 Nxf3+ 12. Bxf3 f5 13. Nd5 Nxd5 14. Bxd5+ Kh7 15.
Bg2 Qf7 16. Qc2 Rb8 17. Qa4 Be6 18. Bd2 e4 19. dxe4 Bxc4 20. exf5 gxf5 21. Rfc1
Bxa2 22. Rb4 a6 23. bxa6 bxa6 24. Qxa6 Bd5 25. Bxd5 Qxd5 26. Rxc7 Qxd2 27.
Rxg7+ Kxg7 28. Qa7+ Rf7 29. Qxb8 Qd1+ 30. Kg2 Qd5+ 31. Kg1 Qd1+ 32. Kg2 Qd5+
33. Kg1 Qd1+ 34. Kg2 Qd5+ 1/2-1/2

[Event "Europa ch Femenino 2013"]
[Site "Belgrado SER"]
[Date "2013.07.26"]
[Round "4.59"]
[White "Kazimova, Narmin"]
[Black "Cemhan, Kardelen"]
[Result "1-0"]
[WhiteElo "2208"]
[BlackElo "2052"]
[PlyCount "83"]
[EventDate "2013.07.23"]
[EventType "swiss"]
[EventRounds "11"]
[EventCountry "SER"]
[Source "lmi"]
[SourceDate "2013.07.22"]

1. d4 d5 2. Nf3 Nf6 3. c4 dxc4 4. e3 e6 5. Bxc4 a6 6. O-O c5 7. Bb3 Nc6 8. Nc3
cxd4 9. exd4 Be7 10. Bg5 O-O 11. a3 Na5 12. Bc2 b5 13. Qd3 g6 14. Ne5 Bb7 15.
Rfe1 Rc8 16. Rad1 Nc4 17. Nxc4 bxc4 18. Qh3 Nd5 19. Bh6 Re8 20. Ne4 Bf8 21.
Bxf8 Rxf8 22. Qh6 f6 23. Nc5 Rxc5 24. dxc5 Qe7 25. Ba4 Rd8 26. c6 Ba8 27. Qd2
Kf7 28. Qa5 Qd6 29. Qxa6 Qc5 30. Qb5 Qxb5 31. Bxb5 Rc8 32. Rd4 Bxc6 33. Rxc4
Bb7 34. Rxc8 Bxc8 35. a4 Bb7 36. a5 Nc7 37. Bc4 Ke7 38. b4 Kd6 39. Rd1+ Kc6 40.
Rc1 Kd6 41. b5 e5 42. b6 1-0

[Event "Europa ch Femenino 2013"]
[Site "Belgrado SER"]
[Date "2013.07.26"]
[Round "4.60"]
[White "Gueci, Tea"]
[Black "Djukic, Sandra"]
[Result "1-0"]
[WhiteElo "2018"]
[BlackElo "2197"]
[PlyCount "145"]
[EventDate "2013.07.23"]
[EventType "swiss"]
[EventRounds "11"]
[EventCountry "SER"]
[Source "lmi"]
[SourceDate "2013.07.22"]

1. e4 c5 2. Nf3 Nc6 3. d4 cxd4 4. Nxd4 Qc7 5. Nc3 e6 6. Be3 a6 7. Qd2 Nf6 8.
O-O-O Be7 9. f3 b5 10. g4 O-O 11. g5 Nh5 12. Nce2 g6 13. Ng3 Ng7 14. f4 e5 15.
Nde2 exf4 16. Bxf4 Qa5 17. Qxa5 Nxa5 18. h4 Ne6 19. Bg2 Nc4 20. Bf3 Bc5 21. Kb1
Bb7 22. Rxd7 Bc6 23. Rd3 b4 24. Bg2 a5 25. b3 Na3+ 26. Kb2 Bb5 27. Rd5 Rac8 28.
Be5 Be7 29. c3 Nc5 30. Nf4 Bc6 31. Rdd1 Rfd8 32. Bh3 Ra8 33. Nd5 Bxd5 34. exd5
Na4+ 35. bxa4 Nc4+ 36. Kb3 Nxe5 37. Rhe1 Bd6 38. Ne4 Nf3 39. Re3 Nxh4 40. Nxd6
Rxd6 41. Rd4 bxc3 42. Kxc3 Nf5 43. Bxf5 gxf5 44. Re5 Rc8+ 45. Kd3 Rc1 46. Rxf5
Ra1 47. Kc4 Rc1+ 48. Kb5 Kg7 49. Rf6 Rd7 50. Rc6 Rb1+ 51. Kxa5 Rb2 52. d6 Ra7+
53. Ra6 Rd7 54. Rd5 Kg6 55. Rb5 Rd2 56. Rc6 Rxa2 57. Rc8 Kg7 58. Rc6 Kg6 59.
Rd5 Rb2 60. Rc7 Rd8 61. Ka6 f6 62. d7 Rbb8 63. Rc8 Rdxc8 64. dxc8=Q Rxc8 65.
gxf6 Kxf6 66. Kb7 Rc1 67. a5 Rb1+ 68. Kc6 Kg6 69. a6 h5 70. a7 Ra1 71. Kb6 Rxa7
72. Kxa7 h4 73. Kb6 1-0

[Event "Europa ch Femenino 2013"]
[Site "Belgrado SER"]
[Date "2013.07.26"]
[Round "4.61"]
[White "Shulakova, Svetlana"]
[Black "Azimova, Karina"]
[Result "1-0"]
[WhiteElo "2194"]
[BlackElo "2037"]
[PlyCount "143"]
[EventDate "2013.07.23"]
[EventType "swiss"]
[EventRounds "11"]
[EventCountry "SER"]
[Source "lmi"]
[SourceDate "2013.07.22"]

1. d4 d6 2. Nf3 Nf6 3. c4 g6 4. Nc3 Bg7 5. e4 O-O 6. Be2 Nc6 7. O-O e5 8. d5
Ne7 9. Ne1 Nd7 10. Nd3 f5 11. f3 f4 12. Bd2 g5 13. b4 Ng6 14. c5 Nf6 15. Rc1 h5
16. Nf2 Rf7 17. h3 Bf8 18. cxd6 cxd6 19. Qb3 Rg7 20. Qd1 Nh4 21. Be1 Kh8 22.
Nd3 Qd7 23. Nf2 Qf7 24. Nb5 a6 25. Nc7 Rb8 26. a4 Be7 27. b5 axb5 28. axb5 Bd8
29. b6 g4 30. fxg4 hxg4 31. hxg4 Qg6 32. Rc3 Nxg4 33. Nxg4 Bxg4 34. Bxg4 Qxg4
35. Qxg4 Rxg4 36. Bxh4 Rxh4 37. Kf2 Rh7 38. Rfc1 Bh4+ 39. Kf1 Bd8 40. Ke2 Rg7
41. Ne6 Rxg2+ 42. Kf1 Ra2 43. Rc8 Raa8 44. Rxd8+ Rxd8 45. Nxd8 Rxd8 46. Rc7 Ra8
47. Rxb7 Ra1+ 48. Kf2 Rb1 49. Kf3 Rb3+ 50. Kg4 f3 51. Kg3 Kg8 52. Rc7 Rxb6 53.
Rc6 Rb3 54. Rxd6 Re3 55. Rg6+ Kf7 56. Rg4 Ke7 57. Kf2 Rb3 58. Rg6 Kd7 59. Re6
Rd3 60. Rxe5 Kd6 61. Rf5 Rd4 62. Kxf3 Rd3+ 63. Kf4 Rd4 64. Rf6+ Kd7 65. Ke5 Ra4
66. Rf7+ Kd8 67. Rh7 Ra1 68. Ke6 Rg1 69. Rh8+ Kc7 70. d6+ Kb7 71. d7 Rg6+ 72.
Kf7 1-0

[Event "Europa ch Femenino 2013"]
[Site "Belgrado SER"]
[Date "2013.07.26"]
[Round "4.62"]
[White "Petrukhina, Irina"]
[Black "Zivic, Radmila"]
[Result "1-0"]
[WhiteElo "2190"]
[BlackElo "2029"]
[PlyCount "71"]
[EventDate "2013.07.23"]
[EventType "swiss"]
[EventRounds "11"]
[EventCountry "SER"]
[Source "lmi"]
[SourceDate "2013.07.22"]

1. d4 Nf6 2. c4 g6 3. Nc3 Bg7 4. e4 d6 5. Nf3 O-O 6. Be2 e5 7. O-O Nc6 8. d5
Ne7 9. b4 a5 10. Ba3 axb4 11. Bxb4 Nd7 12. a4 Bh6 13. a5 f5 14. Nd2 Bxd2 15.
Qxd2 fxe4 16. Nxe4 Nf6 17. Nxf6+ Rxf6 18. f4 Rxf4 19. Rxf4 exf4 20. Bc3 Nf5 21.
Qxf4 Qe7 22. Re1 Qe3+ 23. Qxe3 Nxe3 24. Bd3 Ng4 25. Re7 Ne5 26. Bxe5 dxe5 27.
Rxc7 Bf5 28. Bxf5 gxf5 29. d6 Kf8 30. d7 Rd8 31. Rxb7 Ke7 32. a6 e4 33. Kf2 f4
34. a7 e3+ 35. Ke1 Kd6 36. Rb8 1-0

[Event "Europa ch Femenino 2013"]
[Site "Belgrado SER"]
[Date "2013.07.26"]
[Round "4.63"]
[White "Egorova, Ayyyna"]
[Black "Folkova, Martina"]
[Result "1-0"]
[WhiteElo "1991"]
[BlackElo "2189"]
[PlyCount "105"]
[EventDate "2013.07.23"]
[EventType "swiss"]
[EventRounds "11"]
[EventCountry "SER"]
[Source "lmi"]
[SourceDate "2013.07.22"]

1. e4 g6 2. c4 d6 3. Nc3 Bg7 4. Nf3 Nd7 5. d4 e6 6. Bg5 Ne7 7. Be2 h6 8. Bh4 g5
9. Bg3 f5 10. exf5 exf5 11. h3 Nf6 12. d5 f4 13. Bh2 Nf5 14. Qc2 O-O 15. Bd3
Qe7+ 16. Ne2 Ne8 17. O-O-O c6 18. Nc3 Bd7 19. Rhe1 Qf7 20. Be4 Nc7 21. g4 Bxc3
22. Qxc3 cxd5 23. Rxd5 Ng7 24. Rxd6 Be6 25. Ne5 Qf6 26. Qd3 Rfd8 27. c5 Nce8
28. Rxd8 Rxd8 29. Bh7+ Kh8 30. Qe4 Bxa2 31. h4 b6 32. hxg5 hxg5 33. Bg3 fxg3
34. Ng6+ Kxh7 35. Ne7+ Kh6 36. Rh1+ Nh5 37. Rxh5+ Kg7 38. Qh7+ Kf8 39. Ng6+
Qxg6 40. Qxg6 g2 41. Rh8+ Ke7 42. Qe4+ Kf7 43. Qxg2 Bd5 44. Qh3 Be4 45. Qh5+
Ke7 46. Qxg5+ Kd7 47. Qe5 Bd3 48. b4 bxc5 49. bxc5 Bb5 50. Qd5+ Kc7 51. Rh7+
Rd7 52. Qe5+ Kb7 53. Qxe8 1-0

[Event "Europa ch Femenino 2013"]
[Site "Belgrado SER"]
[Date "2013.07.26"]
[Round "4.64"]
[White "Gjergji, Rozana"]
[Black "Drljevic, Ljilja"]
[Result "0-1"]
[WhiteElo "1917"]
[BlackElo "2187"]
[PlyCount "140"]
[EventDate "2013.07.23"]
[EventType "swiss"]
[EventRounds "11"]
[EventCountry "SER"]
[Source "lmi"]
[SourceDate "2013.07.22"]

1. e4 g6 2. d4 d6 3. Bd3 Bg7 4. c3 e5 5. Be3 Nc6 6. Ne2 Nf6 7. f3 O-O 8. O-O d5
9. Nd2 Be6 10. Kh1 dxe4 11. Nxe4 exd4 12. Nxd4 Nxd4 13. Bxd4 Nxe4 14. Bxe4 Bxd4
15. Qxd4 Qxd4 16. cxd4 c6 17. Rfd1 Rad8 18. b4 Rd7 19. Rd2 f5 20. Bc2 Rfd8 21.
Rad1 Bxa2 22. Kg1 Bc4 23. Kf2 Kf7 24. g4 f4 25. g5 Rd5 26. h4 Rb5 27. Rb1 h6
28. h5 Rxg5 29. hxg6+ Kg7 30. Re1 Rd7 31. Re8 Rh5 32. Kg1 Rb5 33. Kf2 a5 34.
bxa5 Rxa5 35. Re4 Ra2 36. Ke1 Rxc2 37. Rxc2 Bd3 38. Rce2 Bxe4 39. Rxe4 Kxg6 40.
Rxf4 Rf7 41. Rg4+ Kf5 42. Re4 Kf6 43. Kd2 Re7 44. Rf4+ Kg5 45. Rf8 Kg6 46. Kd3
Rf7 47. Rg8+ Kf5 48. Rh8 Rf6 49. Rh7 b5 50. Re7 Rd6 51. Re4 h5 52. Re5+ Kg6 53.
f4 Rd5 54. Re6+ Kf5 55. Rxc6 Kxf4 56. Rf6+ Rf5 57. Re6 h4 58. Re4+ Kg5 59. Re8
h3 60. Rg8+ Kf4 61. Rh8 Kg4 62. Ke3 Rh5 63. Rg8+ Rg5 64. Rh8 Kg3 65. d5 Rxd5
66. Rg8+ Kh4 67. Kf3 Rf5+ 68. Ke4 Rg5 69. Rh8+ Rh5 70. Rg8 h2 0-1

[Event "Europa ch Femenino 2013"]
[Site "Belgrado SER"]
[Date "2013.07.26"]
[Round "4.65"]
[White "Baraeva, Irina"]
[Black "Bejatovic, Bojana"]
[Result "1/2-1/2"]
[WhiteElo "2171"]
[BlackElo "2002"]
[PlyCount "84"]
[EventDate "2013.07.23"]
[EventType "swiss"]
[EventRounds "11"]
[EventCountry "SER"]
[Source "lmi"]
[SourceDate "2013.07.22"]

1. d4 f5 2. Nf3 Nf6 3. g3 e6 4. Bg2 d5 5. O-O Bd6 6. c4 c6 7. b3 Qe7 8. Bb2 O-O
9. Nbd2 Bd7 10. Qc2 Be8 11. Ne5 Nbd7 12. a3 Ne4 13. Ndf3 Bh5 14. Nxd7 Qxd7 15.
Ne5 Qe8 16. f3 Nf6 17. Nd3 Bg6 18. Qd2 Nh5 19. e3 Qe7 20. Ne5 Qe8 21. Qe2 Nf6
22. Nd3 Rd8 23. Rfe1 Rd7 24. Rac1 Bh5 25. b4 g5 26. Qd2 Rg7 27. e4 fxe4 28.
fxe4 Nxe4 29. Bxe4 dxe4 30. Rxe4 Bf3 31. Re3 Qh5 32. Ne5 g4 33. Rf1 Rf5 34. Qd3
Bxe5 35. Rxe5 Qh3 36. Rf2 Rgf7 37. Rxf5 Rxf5 38. Qe3 Kf7 39. Bc3 Qh5 40. Rd2
Qh3 41. Rf2 Qh5 42. Rd2 Qh3 1/2-1/2

[Event "Europa ch Femenino 2013"]
[Site "Belgrado SER"]
[Date "2013.07.26"]
[Round "4.66"]
[White "Gavasheli, Ana"]
[Black "Velikic, Adela"]
[Result "1-0"]
[WhiteElo "2170"]
[BlackElo "1992"]
[PlyCount "77"]
[EventDate "2013.07.23"]
[EventType "swiss"]
[EventRounds "11"]
[EventCountry "SER"]
[Source "lmi"]
[SourceDate "2013.07.22"]

1. d4 d5 2. c4 c6 3. Nf3 Nf6 4. e3 e6 5. Bd3 Nbd7 6. O-O b6 7. Nc3 Bb7 8. b3
Be7 9. Bb2 O-O 10. Qe2 c5 11. cxd5 exd5 12. Rfd1 Re8 13. dxc5 bxc5 14. Ba6 Bxa6
15. Qxa6 Nb6 16. a4 Bf8 17. a5 Nc8 18. Nxd5 Nxd5 19. Qc4 Nce7 20. e4 Rb8 21.
exd5 Nf5 22. Qc2 Nd6 23. Ra4 Qd7 24. Rf4 h6 25. Qc3 Qb5 26. Rg4 Nf5 27. b4 cxb4
28. Qf6 Qe2 29. Rf1 Re4 30. Qxf5 Rxg4 31. Be5 Re8 32. Qxg4 Rxe5 33. Nxe5 Qxe5
34. Qc4 Bd6 35. g3 Qb2 36. Qc6 Qe5 37. Qb7 Qd4 38. Rc1 Kh7 39. Qxf7 1-0

[Event "Europa ch Femenino 2013"]
[Site "Belgrado SER"]
[Date "2013.07.26"]
[Round "4.67"]
[White "Martynkova, Olena"]
[Black "Nikoladze, Sopio"]
[Result "0-1"]
[WhiteElo "1851"]
[BlackElo "2163"]
[PlyCount "76"]
[EventDate "2013.07.23"]
[EventType "swiss"]
[EventRounds "11"]
[EventCountry "SER"]
[Source "lmi"]
[SourceDate "2013.07.22"]

1. d4 Nf6 2. c4 e6 3. g3 c5 4. d5 exd5 5. cxd5 d6 6. Nc3 g6 7. Bg2 Bg7 8. Nf3
O-O 9. O-O Re8 10. Nd2 b6 11. Re1 a6 12. a4 Nbd7 13. Qc2 Rb8 14. Nc4 Ne5 15.
Nxe5 Rxe5 16. e4 b5 17. axb5 axb5 18. Bf4 Re8 19. Bf1 c4 20. Bg2 Nh5 21. Be3 f5
22. Ra7 Qf6 23. Rd1 b4 24. Bd4 Qxd4 25. Rxd4 Bxd4 26. Qa4 Nf6 27. Rc7 bxc3 28.
bxc3 Bxc3 29. Rxc4 fxe4 30. Bxe4 Bh3 31. Qc2 Rxe4 32. Rxe4 Nxe4 33. Qxe4 Ra8
34. f3 Ra1+ 35. Kf2 Rf1+ 36. Ke3 Re1+ 37. Kf2 Rxe4 38. fxe4 Kf7 0-1

[Event "Europa ch Femenino 2013"]
[Site "Belgrado SER"]
[Date "2013.07.26"]
[Round "4.68"]
[White "Vega Gutierrez, Belinda"]
[Black "Olea, Liliana"]
[Result "1-0"]
[WhiteElo "2148"]
[BlackElo "1905"]
[PlyCount "95"]
[EventDate "2013.07.23"]
[EventType "swiss"]
[EventRounds "11"]
[EventCountry "SER"]
[Source "lmi"]
[SourceDate "2013.07.22"]

1. e4 e5 2. Nf3 Nc6 3. Bb5 g6 4. O-O Bg7 5. c3 a6 6. Ba4 Nge7 7. d4 b5 8. Bb3
Bb7 9. Ng5 O-O 10. dxe5 Nxe5 11. f4 h6 12. fxe5 hxg5 13. Bxg5 Bxe5 14. Qf3 d5
15. exd5 Qd6 16. Bxe7 Qxe7 17. Nd2 Rad8 18. Kh1 Kg7 19. Rae1 f6 20. Rd1 Rh8 21.
h3 Rh5 22. Rfe1 Rf5 23. Qe4 Qd6 24. Nf3 Bg3 25. Qe7+ Qxe7 26. Rxe7+ Kf8 27. d6
Bxf3 28. Rf7+ Ke8 29. Re7+ Kf8 30. Rf7+ Ke8 31. gxf3 Rxd6 32. Rxd6 Bxd6 33. Kg2
a5 34. Rg7 g5 35. Rg8+ Kd7 36. a4 c6 37. Ra8 Bc7 38. Kf2 Rf4 39. axb5 cxb5 40.
Ra6 Bd8 41. Ke3 Bc7 42. Bd5 b4 43. c4 Bd8 44. Kd3 Rh4 45. Be6+ Ke7 46. Bg4 Rh8
47. c5 Rf8 48. Ra7+ 1-0

[Event "Europa ch Femenino 2013"]
[Site "Belgrado SER"]
[Date "2013.07.26"]
[Round "4.69"]
[White "Injac, Teodora"]
[Black "Berke, Ana"]
[Result "1/2-1/2"]
[WhiteElo "1713"]
[BlackElo "2145"]
[PlyCount "66"]
[EventDate "2013.07.23"]
[EventType "swiss"]
[EventRounds "11"]
[EventCountry "SER"]
[Source "lmi"]
[SourceDate "2013.07.22"]

1. d4 Nf6 2. c4 e6 3. Nc3 Bb4 4. e3 b6 5. Bd3 Bb7 6. Nf3 O-O 7. O-O d6 8. Na4
d5 9. c5 bxc5 10. a3 c4 11. Bxh7+ Nxh7 12. axb4 Nd7 13. Nc5 Bc6 14. Bd2 Nhf6
15. Bc3 Ne4 16. Qc2 Qe7 17. Ra6 Ndxc5 18. bxc5 Bb7 19. Ra3 f6 20. Bb4 Bc8 21.
Qa4 e5 22. Qc6 Be6 23. dxe5 fxe5 24. Nxe5 Qf6 25. Nf3 Rae8 26. Bc3 Qg6 27. Nd4
Nxf2 28. Raa1 Nh3+ 29. Kh1 Nf2+ 30. Kg1 Nh3+ 31. Kh1 Nf2+ 32. Kg1 Nh3+ 33. Kh1
Nf2+ 1/2-1/2

[Event "Europa ch Femenino 2013"]
[Site "Belgrado SER"]
[Date "2013.07.26"]
[Round "4.70"]
[White "Nestorovic, Katarina"]
[Black "Vrabic, Anita"]
[Result "0-1"]
[WhiteElo "1484"]
[BlackElo "2112"]
[PlyCount "82"]
[EventDate "2013.07.23"]
[EventType "swiss"]
[EventRounds "11"]
[EventCountry "SER"]
[Source "lmi"]
[SourceDate "2013.07.22"]

1. e4 c5 2. Nf3 Nc6 3. d4 cxd4 4. Nxd4 Nf6 5. Nc3 d6 6. Be2 e5 7. Nf3 h6 8. O-O
Be7 9. h3 O-O 10. Re1 Be6 11. Bf1 Rc8 12. Nd5 Bxd5 13. exd5 Nb8 14. c4 Nfd7 15.
b4 b6 16. Rb1 f5 17. a4 Bf6 18. Re3 Rf7 19. Ra3 Nf8 20. Bb2 g5 21. Qc2 Bg7 22.
a5 Ng6 23. Rba1 Nd7 24. axb6 axb6 25. Ra7 h5 26. Nh2 g4 27. hxg4 hxg4 28. Nxg4
Qg5 29. Ne3 f4 30. Nf5 Bf8 31. R1a3 Rd8 32. Bd3 Rh7 33. Be4 Rh5 34. Nxd6 Bxd6
35. Bxg6 Rh6 36. Be4 Bxb4 37. Rb3 Bc5 38. Ba3 Bd4 39. Bb2 Nc5 40. Bxd4 Nxb3 41.
Bxe5 Qxe5 0-1

[Event "Europa ch Femenino 2013"]
[Site "Belgrado SER"]
[Date "2013.07.26"]
[Round "4.71"]
[White "Petrovic, Marija"]
[Black "Kaplan, Ebru"]
[Result "1-0"]
[WhiteElo "2104"]
[BlackElo "1885"]
[PlyCount "93"]
[EventDate "2013.07.23"]
[EventType "swiss"]
[EventRounds "11"]
[EventCountry "SER"]
[Source "lmi"]
[SourceDate "2013.07.22"]

1. d4 Nf6 2. Nf3 g6 3. b3 d5 4. Bb2 Bg7 5. e3 O-O 6. c4 dxc4 7. Bxc4 c5 8. Nbd2
Nbd7 9. O-O a6 10. Rc1 cxd4 11. Nxd4 e5 12. N4f3 b5 13. Be2 e4 14. Nd4 Bb7 15.
b4 Rc8 16. Rxc8 Qxc8 17. a4 bxa4 18. Qxa4 Nb6 19. Qa5 Nbd5 20. N2b3 Nd7 21. Rc1
Qd8 22. Qa3 Qb6 23. Nc5 Nb8 24. Qa5 Bc8 25. Qxb6 Nxb6 26. Nxe4 Nd5 27. Ba3 Rd8
28. b5 Bxd4 29. exd4 Nf4 30. Bf3 Bb7 31. d5 Nd7 32. g3 Nxd5 33. Nd6 Ba8 34.
bxa6 Ne5 35. Bg2 Nb6 36. Bb7 Nf3+ 37. Kg2 Ne5 38. Rc7 Nd5 39. Rc5 Nd7 40. Rxd5
Nb6 41. Rb5 Nd7 42. a7 Kg7 43. Bxa8 Rxa8 44. Rb7 Ne5 45. Bb2 Kf6 46. Nxf7 Ke6
47. Bxe5 1-0

[Event "Europa ch Femenino 2013"]
[Site "Belgrado SER"]
[Date "2013.07.26"]
[Round "4.72"]
[White "Coimbra, Margarida"]
[Black "Ivekovic, Ivana"]
[Result "1-0"]
[WhiteElo "2093"]
[BlackElo "1858"]
[PlyCount "53"]
[EventDate "2013.07.23"]
[EventType "swiss"]
[EventRounds "11"]
[EventCountry "SER"]
[Source "lmi"]
[SourceDate "2013.07.22"]

1. e4 c5 2. c3 d5 3. exd5 Qxd5 4. d4 Nf6 5. Nf3 Nc6 6. Be3 cxd4 7. cxd4 e6 8.
Nc3 Qd6 9. a3 Be7 10. Bd3 O-O 11. O-O b6 12. Qe2 Bb7 13. Rad1 Rad8 14. Rfe1
Rfe8 15. Bb1 Qb8 16. Ba2 g6 17. h4 Ng4 18. d5 exd5 19. Bxd5 Nxe3 20. Qxe3 Bxa3
21. Bxf7+ Kxf7 22. Ng5+ Kg8 23. Rxd8 Rxd8 24. Qe6+ Kh8 25. Qf6+ Kg8 26. Qf7+
Kh8 27. Qxh7# 1-0

[Event "Europa ch Femenino 2013"]
[Site "Belgrado SER"]
[Date "2013.07.26"]
[Round "4.74"]
[White "Klinova, Masha"]
[Black "Oliveira, Maria Ines"]
[Result "1-0"]
[WhiteElo "2322"]
[BlackElo "1978"]
[PlyCount "59"]
[EventDate "2013.07.23"]
[EventType "swiss"]
[EventRounds "11"]
[EventCountry "SER"]
[Source "lmi"]
[SourceDate "2013.07.22"]

1. e4 c5 2. Nf3 e6 3. c4 Nc6 4. Nc3 d6 5. d4 cxd4 6. Nxd4 Nf6 7. Be2 Be7 8. O-O
O-O 9. Be3 a6 10. Rc1 Bd7 11. f3 Qb8 12. Qd2 Nxd4 13. Qxd4 b5 14. cxb5 Bxb5 15.
Nxb5 axb5 16. a3 d5 17. e5 Nd7 18. f4 b4 19. axb4 Ra4 20. Qd2 Rxb4 21. Bd4 Rb7
22. f5 Rc8 23. Rxc8+ Qxc8 24. Ba6 Rxb2 25. Qxb2 Qxa6 26. f6 Bf8 27. fxg7 Bc5
28. Bxc5 Nxc5 29. Qf2 Qa7 30. Rc1 1-0

[Event "Europa ch Femenino 2013"]
[Site "Belgrado SER"]
[Date "2013.07.26"]
[Round "4.75"]
[White "Eric, Jovana"]
[Black "Nikolovska, Dragana"]
[Result "1-0"]
[WhiteElo "2223"]
[BlackElo "1848"]
[PlyCount "59"]
[EventDate "2013.07.23"]
[EventType "swiss"]
[EventRounds "11"]
[EventCountry "SER"]
[Source "lmi"]
[SourceDate "2013.07.22"]

1. e4 c5 2. Nf3 d6 3. d4 cxd4 4. Nxd4 Nf6 5. Nc3 g6 6. Be2 Bg7 7. O-O O-O 8.
Bg5 Nc6 9. Nb3 h6 10. Bh4 a6 11. a4 b6 12. f4 Bb7 13. Bf3 Na5 14. Qe2 Qc7 15.
Nxa5 bxa5 16. Kh1 Rab8 17. e5 Bxf3 18. Qxf3 dxe5 19. fxe5 Nd7 20. Nd5 Qxc2 21.
Bxe7 Nxe5 22. Qg3 Rb3 23. Qh4 Rfb8 24. Rac1 Qd2 25. Rcd1 Qc2 26. Bd6 g5 27. Qh5
R8b7 28. Bxe5 Bxe5 29. Qxh6 Qg6 30. Ne7+ 1-0

[Event "Europa ch Femenino 2013"]
[Site "Belgrado SER"]
[Date "2013.07.26"]
[Round "4.76"]
[White "Kezele, Tamara"]
[Black "Baraeva, Marina"]
[Result "0-1"]
[WhiteElo "1994"]
[BlackElo "2185"]
[PlyCount "100"]
[EventDate "2013.07.23"]
[EventType "swiss"]
[EventRounds "11"]
[EventCountry "SER"]
[Source "lmi"]
[SourceDate "2013.07.22"]

1. e4 c5 2. Nf3 a6 3. c3 d5 4. exd5 Qxd5 5. d4 e6 6. Be3 cxd4 7. cxd4 Nf6 8.
Nc3 Qd6 9. Ne5 Nbd7 10. Nf3 b5 11. g3 Bb7 12. Bg2 Be7 13. O-O O-O 14. Nd2 Bxg2
15. Kxg2 Rac8 16. Qf3 Nb6 17. a3 Qd7 18. Nde4 Nxe4 19. Nxe4 Rc2 20. b4 Nc4 21.
Rfd1 Rd8 22. Kg1 Qd5 23. h4 h6 24. Qh1 Qh5 25. Re1 Nxe3 26. fxe3 Qg4 27. Rac1
Rxc1 28. Rxc1 f5 29. Nf2 Qxg3+ 30. Kf1 Qxe3 31. Re1 Qxd4 32. Rxe6 Qc4+ 33. Re2
Bxh4 34. Qf3 Bxf2 35. Kxf2 Qd4+ 36. Kg2 Qg4+ 37. Qxg4 fxg4 38. Re6 Rd3 39. Rxa6
Kh7 40. Ra5 Kg6 41. Rxb5 Rxa3 42. Rc5 Rb3 43. b5 h5 44. Rc6+ Kg5 45. b6 Kh4 46.
Rg6 Rb2+ 47. Kf1 Kh3 48. Rxg7 Rxb6 49. Rc7 Rb1+ 50. Ke2 g3 0-1